000 00525nam a2200181Ia 4500
999 _c29234
_d29234
003 OSt
005 20210111131121.0
008 190216s9999||||xx |||||||||||||| ||und||
020 _a9788126410026
040 _coclc
082 _a894.8122
_bPIL/S
100 _aPillai, Pulimana Parameswaran
_98111
245 0 _aSamathvavadi /
_cPulimana Parameswaran Pillai
260 _bDc Books ,
_a Kottayam:
_c2005.
300 _a46p
650 _aNadakam
942 _cBK
_2ddc
_h894.8122
_iPIL/P
_k894.8122
_mPIL/P